LDR 00807naa#a2200181#i#450# 001 EN\INFRA-M\bibl\121114 005 20260701123308.3 011 ## _a1998-0744 100 ## _a20260622b2026####ek#y0engy0150####ca 102 ## _aRU 200 1# _aDEVELOPMENT OF THE MOBILE APPLICATION «UNIVERSITY HEADMAN» _eJournal article 210 1# _aMoscow _cINFRA-M Academic Publishing LLC. _d2026 215 ## _a6 с. 608 ## _aJournal article _2local 675 ## _aИнформационные технологии. Компьютерные технологии. Теория вычислительных машин и систем. 004 _aОбразование. Воспитание. Обучение. Организация досуга. 37 _z 700 #1 _aGurikov _gSergey Rostislavovich 700 #1 _aBorisova _gOl'ga A. 856 4# _azh-szf.ru _u